Sports Quiz

Random Sports or Baseball Quiz

Matt Stairs' Teams Quiz Stats

 Plays Quiz not verified by Sporcle

Score 0/13 Timer 02:00
0 Plays Today
Year(s) Team % Correct
1996-2000Oakland Athletics
92.8%
2008-2009Philadelphia Phillies
90.8%
2007-2008Toronto Blue Jays
82.9%
2010San Diego Padres
81.8%
1995Boston Red Sox
81.5%
2004-2006Kansas City Royals
80.8%
2006Texas Rangers
79.8%
2003Pittsburgh Pirates
77.7%
2011Washington Nationals
77.7%
2001Chicago Cubs
77.1%
2002Milwaukee Brewers
74.7%
2006Detroit Tigers
72.6%
1992-93Montreal Expos
63.4%

You're not logged in!

Compare scores with friends on all Sporcle quizzes.
OR
Log In

Show Comments

Extras

Top Quizzes Today


Score Distribution

Your Account Isn't Verified!

In order to create a playlist on Sporcle, you need to verify the email address you used during registration. Go to your Sporcle Settings to finish the process.

Report this User

Report this user for behavior that violates our Community Guidelines.

Details: